"L" Countries - World Map Sudden Death - Statistics

General Stats
  • This quiz has been taken 561 times
  • The average score is 6 of 8
Answers on the Grid
Answers color-coded by a green-red scale on the quiz's grid according to % correct below.
 
Answer Stats
Answer % Correct
Liechtenstein, Libya, Luxembourg
96%
Latvia, Lithuania
89%
Liberia, Libya
87%
Laos
83%
Lebanon
79%
Lesotho
74%
Liberia
71%
Lesotho
70%
No matching quizzes found
Score Distribution
Percent of People with Each Score
Percentile by Number Answered
Your Score History
You have not taken this quiz